000 01122nam a2200217 i 4500
001 162431
003 ES-MaACL
005 20250811063158.0
008 931025s1773 sp ax |||| | spa d
040 _aCAM
_bspa
_cPAB
100 1 _aPonz, Antonio,
_d1725-1792
_993069
245 1 0 _aViage de España o Cartas en que se da noticia de las cosas mas apreciables y dignas de saberse ... /
_csu autor D. Pedro Antonio de la Puente ... ; tomo II.
260 _aMadrid :
_bpor D. Joachin Ibarra ... :
_bse hallará en la librería de Esparza ...,
_c1773.
300 _a[8], 310 p., [1] h. de grab. ;
_c8\pa\s.
594 _aPedro Antonio de la Puente es seudónimo de Antonio Ponz.
597 _aSign. : [ ]4, A-T8, V3.
599 _aLa h. de grab. calc. : "Gil sculp." medallones.
650 4 _aEspaña-
_xDescripción-
_yS.XVIII.
_9223668
852 _aES-MaACL
_jR-468-85
_z-- Enc. piel, no original de la época
_q-- Falto de la h. de grab.
_x-- Edic.: añadir en T245 "... y dignas de saberse que hay en ella, particularmente del Escorial / su autor..."
_x Olim: F-12859-76
999 _c162431
_d162431